000 00893nam a2200277 i 4500
001 bg
245 0 0 _aWielki słownik polsko-rosyjski =
_bPol'sko-russkij slovar' /
_cJan Wawrzyńczyk [et al.] ; red. nacz. Jan Wawrzyńczyk.
246 3 1 _aPol'sko-russkij slovar'
246 1 8 _aPol'skij
260 _aWarszawa :
_bWydawnictwo Naukowe PWN,
_c2005.
300 _a922 s. :
_berr. ;
_c27 cm.
500 _aTeksty pomocnicze na wyklejkach.
504 _aBibliogr. s. 14-15.
650 9 _aSłownik polsko-rosyjski
700 1 _aWawrzyńczyk, Jan
_d(1944- ).
_eRed.
015 _aPB 3597/2007
020 _a8301143193
040 _cBPK
041 0 _apol
_arus
044 _aPOL
080 _a811.162.1::811.161.1]'374
920 _a83-01-14319-3
942 _cKS
008 080204s2005 pl d |000 0 pol
999 _c54654
_d54654